Journal of information systems and technology management
| Corporate Author: | |
|---|---|
| Format: | Electronic Serial |
| Language: | English Portuguese Spanish French |
| Published: |
São Paulo, SP :
Universidade de São Paulo, Faculdade de Economia, Administração e Contabilidade
|
| Subjects: | |
| Online Access: | Full text available from Research Library: 01/01/2004 to present |
MARC
| LEADER | 00000nas a2200000 a 4500 | ||
|---|---|---|---|
| 001 | ssj0000314543 | ||
| 003 | WaSeSS | ||
| 005 | 20200512172242.0 | ||
| 006 | m d | ||
| 007 | cr n | ||
| 008 | 080807c20049999bl tr s 0 0eng c | ||
| 010 | |a 2010252666 | ||
| 022 | |a 1807-1775 |l 1807-1775 | ||
| 035 | |a (WaSeSS)ssj0000314543 | ||
| 040 | |a SFB |b eng |c SFB |d OCLCS |d OCLCQ |d WAU |d OCLCQ |d OCLCF |d CUS |d OCLCO |d OCLCQ |d AU@ |d VT2 |d WaSeSS | ||
| 041 | 0 | |a eng |a por |a spa |a fre | |
| 042 | |a pcc | ||
| 050 | 1 | 4 | |a T58.5 |
| 210 | 1 | |a Rev. gest. tecnol. sist. inf. |b (Online) | |
| 222 | 0 | |a Revista de gestão da tecnologia e sistemas de informação |b (Online) | |
| 245 | 0 | 0 | |a Journal of information systems and technology management |h [electronic resource]. |
| 246 | 1 | 3 | |a JISTEM |
| 246 | 1 | 3 | |a Revista de gestão da tecnologia e sistemas de informação |
| 246 | 1 | 3 | |a RGTSI |
| 260 | |a São Paulo, SP : |b Universidade de São Paulo, Faculdade de Economia, Administração e Contabilidade | ||
| 310 | |a Three times a year | ||
| 362 | 1 | |a Began with: Vol. 1, no. 1 (2004). | |
| 506 | |a License restrictions may limit access. | ||
| 546 | |a English, Portuguese, Spanish or French. | ||
| 588 | |a Description based on: Vol. 1, no. 1 (2004); title from journal home page (publisher's Web site, viewed Mar. 2, 2010). | ||
| 588 | |a Latest issue consulted: Vol. 6, no. 3 (2009) (publisher's Web site, viewed Mar. 24, 2010). | ||
| 650 | 0 | |a Information technology |v Periodicals. | |
| 650 | 0 | |a Management information systems |v Periodicals. | |
| 650 | 7 | |a Information technology. |2 fast |0 (OCoLC)fst00973089 | |
| 650 | 7 | |a Management information systems. |2 fast |0 (OCoLC)fst01007271 | |
| 655 | 0 | |a Electronic journals. | |
| 710 | 2 | |a Universidade de São Paulo. |b Faculdade de Economia, Administração e Contabilidade. | |
| 776 | 0 | 8 | |i Print version: |t Revista de gestão da tecnologia e sistemas de informação |x 1809-2640 |
| 856 | 4 | 0 | |z Full text available from Research Library: 01/01/2004 to present |u https://search.proquest.com/publication/55334 |